000 00490cam a2200181ua 4500
001 1402
008 160930n II |||gr||||Z||||||eng
040 _aMAIN
041 _aEnglish
100 _aSHERIDAN, HARRIET W.
245 _aSTRUCTURE AND STYLE
_bAN ANALYTICAL APPROACH TO PROSE WRITING
250 _a1ST.
260 _aNEW YORK:
_bHARCOURT,BRACE & WORLD,INC.,
_c1966.
300 _a364:
_c20CM.
653 _aEnglish fiction
700 _aSHERIDAN, HARRIET W.,
_eAUTHOR.
942 _cBK
999 _c1401
_d1401